Pays ayant le plus grand nombre de magasins IKEA - Statistiques

Statistiques générales
  • Ce quiz a été pris 272 fois
  • Le résultat moyen est 7 sur 14
Statistiques - réponses
Nombre en 2018 Pays Premier magasin % Correct
36 Chine 1998 à Shangaï
92%
34 France 1981 à Bobigny
80%
25 Espagne 1980 à Las Palmas
77%
21 Royaume-Uni 1987 à Warrington
64%
52 Etats-Unis 1985 à Plymouth Meeting
63%
12 Japon 1974 à Nagoya
63%
54 Allemagne 1974 à Eching
59%
21 Italie 1989 à Cinisello Balsamo
56%
20 Suède 1958 à Imhult
54%
17 Russie 2000 à Khimki
32%
13 Pays-Bas 1978 à Sliedrecht
31%
14 Canada 1975 à Dartmouth
29%
10 Australie 1975 à Artarmon
15%
12 Pologne 1990 à Janki
13%
Aucun quiz correspondant
Distribution des résultats
% des personnes avec chaque résultat
Percentile par nombre de réponses
Votre historique - résultats
Vous n’avez pas pris ce quiz